<?xml version="1.0" encoding="UTF-8"?>
<collection xmlns:xsi="http://www.w3.org/2001/XMLSchema-instance" xsi:schemaLocation="http://www.loc.gov/MARC21/slim http://www.loc.gov/standards/marcxml/schema/MARC21slim.xsd" xmlns="http://www.loc.gov/MARC21/slim">
 <record>
  <leader>00000ctm a22000004a 4500</leader>
  <controlfield tag="001">UP-99796217613391784</controlfield>
  <controlfield tag="003">Buklod</controlfield>
  <controlfield tag="005">20200613191231.0</controlfield>
  <controlfield tag="006">m     o  j        </controlfield>
  <controlfield tag="007">ta</controlfield>
  <controlfield tag="008">040623s2003    xx      r    |||| u|eng d</controlfield>
  <datafield tag="035" ind1=" " ind2=" ">
   <subfield code="a">(iLib)UPD-00516570954</subfield>
  </datafield>
  <datafield tag="040" ind1=" " ind2=" ">
   <subfield code="a">DML</subfield>
  </datafield>
  <datafield tag="041" ind1=" " ind2=" ">
   <subfield code="a">eng</subfield>
  </datafield>
  <datafield tag="042" ind1=" " ind2=" ">
   <subfield code="a">DMLUC</subfield>
  </datafield>
  <datafield tag="090" ind1=" " ind2=" ">
   <subfield code="a">LG 995 2003 L4</subfield>
   <subfield code="b">B35</subfield>
  </datafield>
  <datafield tag="100" ind1="1" ind2=" ">
   <subfield code="a">Balbin, Louise Zamora</subfield>
   <subfield code="e">author.</subfield>
  </datafield>
  <datafield tag="245" ind1="1" ind2="0">
   <subfield code="a">School libraries and elementary education</subfield>
   <subfield code="b">a comparative study of selected local and foreign private school libraries</subfield>
   <subfield code="c">Louise Z. Balbin ; Jackson V. Yang, adviser  ; Grace Marie B. Gonzales, reader.</subfield>
  </datafield>
  <datafield tag="264" ind1=" " ind2="1">
   <subfield code="a">Quezon City : Institute of Library and Information Science, University of the Philippines Diliman</subfield>
   <subfield code="c">2003.</subfield>
  </datafield>
  <datafield tag="300" ind1=" " ind2=" ">
   <subfield code="a">xii, 121 leaves</subfield>
   <subfield code="c">28 cm.</subfield>
  </datafield>
  <datafield tag="500" ind1=" " ind2=" ">
   <subfield code="a">Vita.</subfield>
  </datafield>
  <datafield tag="502" ind1=" " ind2=" ">
   <subfield code="a">Special Problem (Master of Library and Information Science)--University of the Philippines Diliman</subfield>
   <subfield code="d">October 2003.</subfield>
  </datafield>
  <datafield tag="520" ind1="3" ind2=" ">
   <subfield code="a">School libraries are and will always be essential in the education of the young and children must be made to realize this.  With the aim of competently supporting the goals of the educational institutions they belong to, school libraries must continuously improve and evolve.  How can they better serve students in this technologically-advanced age? What programs and services need to be done or improved for students to realize what wealth these school libraries offer. School libraries all over the world have geared towards computerization.  Yet this is only one step towards attaining more efficiency in library operations.</subfield>
  </datafield>
  <datafield tag="520" ind1="3" ind2=" ">
   <subfield code="a">This study compares local and foreign private school libraries in the Philippines based on their organization, programs, and services to find out their similarities and differences and how they can learn from each other to improve services. There are three local and three foreign private school libraries in the study.  Eleven librarians and a library clerk from the six school libraries were interviewed. In each school, forty percent of the total elementary faculty population who responded to the questionnaire gave suggestions on how to improve their own school libraries. School policies, practices, and economic factors play vital roles in differences found between these school libraries.  Although there are some common activities done by local and foreign private school libraries to promote their services and increase use in children.</subfield>
  </datafield>
  <datafield tag="650" ind1=" " ind2="0">
   <subfield code="a">Elementary school libraries</subfield>
   <subfield code="z">Philippines.</subfield>
  </datafield>
  <datafield tag="650" ind1=" " ind2="0">
   <subfield code="a">Private school libraries</subfield>
   <subfield code="z">Philippines.</subfield>
  </datafield>
  <datafield tag="700" ind1="1" ind2=" ">
   <subfield code="a">Yang, Jackson V.</subfield>
   <subfield code="e">adviser.</subfield>
  </datafield>
  <datafield tag="700" ind1="1" ind2=" ">
   <subfield code="a">Gonzales, Grace Marie B.</subfield>
   <subfield code="e">reader.</subfield>
  </datafield>
  <datafield tag="905" ind1=" " ind2=" ">
   <subfield code="a">FI</subfield>
  </datafield>
  <datafield tag="905" ind1=" " ind2=" ">
   <subfield code="a">UP</subfield>
  </datafield>
  <datafield tag="852" ind1="0" ind2=" ">
   <subfield code="a">UPD</subfield>
   <subfield code="b">DLS</subfield>
   <subfield code="h">LG 995 2003 L4 B35</subfield>
  </datafield>
  <datafield tag="942" ind1=" " ind2=" ">
   <subfield code="a">Thesis</subfield>
  </datafield>
 </record>
</collection>
